00712nam a2200229 a 450000100060000000300080000600500170001400800410003102000280007203500200010004000260012004100080014608200280015410000190018224500670020126000330026830000270030150000200032865000660034865100260041485600420044063122BD-RjUL20211209081148.0170128s1989 mau b 001 0 eng d a0816187703 (alk. paper) a(BD-RjUL) 63250 aBD-RjULcBD-RjULbeng aeng00a 821.912223bGAC 1989 aGeorge, Gaston00aCritical essays on Dylan Thomas /c[selected by] Georg Gaston. aBoston :bG.K. Hall,cc1989. aviii, 197 p. ;c25 cm. aIncludes Index. 2Thomas, Dylan,aCriticism and interpretation.xIn literature. 0aWalesxIn literature. 3Critical essays on British literature